=LDR 00000nam 2200000 4500 =001 INLIS000000000056781 =005 20201008094554 =035 ##$$a 0010-0920000412 =007 ta =008 201008################g##########0#ind## =082 ##$$a 306.095 982 3 =084 ##$$a 306.095 982 3 SRI s =100 1#$$a Sri Mintosih =245 1#$$a Sikap menghargai waktu di kalangan pelajar dan mahasiswa di Yogyakarta /$c Sri Mintosih, Lindiastuti, Tito Adonis =260 ##$$a Jakarta :$b Depdikbud,$c 1996 =300 ##$$a x, 85 hlm. : $b ilus ; $c 15x21 cm. =700 1#$$a Lindiastuti =600 #4$$a Kehidupan di Yogyakarta =990 ##$$a 93.028 hd.96 =990 ##$$a 93.025 hd.96